000
00327nam a2200133Ia 4500
008
230411s9999 xx 000 0 und d
041
_a
eng
082
_a
S/617.917/DIX/B01995
100
_a
Dixon Eileen
245
_a
Theatre Technique
260
_b
N R Brothers
_a
Indore
_c
2003
300
_a
294p
999
_c
153228
_d
153228